Prénoms garçons 2024 - Statistiques

Statistiques générales
  • Ce quiz a été pris 4 643 fois
  • Le résultat moyen est 30 sur 100
Statistiques - réponses
Hint Lettre Prénom % Correct
3 L Léo
81%
1 G Gabriel
76%
4 L Louis
72%
16 L Lucas
64%
33 T Théo
64%
7 J Jules
63%
70 N Noa
61%
22 P Paul
61%
2 R Raphaël
59%
29 M Mathis
57%
21 N Nathan
57%
26 T Tom
56%
51 M Mathéo
53%
9 A Arthur
49%
20 H Hugo
49%
42 A Antoine
48%
77 M Maé
47%
97 M Maxime
47%
37 V Valentin
47%
19 N Noé
46%
27 V Victor
46%
43 E Enzo
45%
80 A Alexandre
43%
24 E Ethan
41%
35 T Timéo
41%
15 G Gabin
40%
18 L Léon
40%
30 M Martin
40%
6 N Noah
40%
5 M Maël
39%
38 E Elio
38%
58 C Clément
37%
10 S Sacha
37%
13 L Liam
36%
76 M Mohamed
36%
8 A Adam
35%
40 N Nolan
35%
84 A Axel
34%
87 B Baptiste
34%
57 M Maxence
33%
47 S Simon
33%
64 C Charles
32%
45 S Samuel
31%
56 E Evan
30%
28 G Gaspard
30%
83 R Rayan
30%
72 O Oscar
28%
32 R Robin
28%
46 N Nino
27%
74 C Camille
25%
23 M Malo
25%
14 A Aaron
24%
41 E Eliott
24%
11 E Eden
23%
25 M Marius
23%
36 M Milo
23%
81 N Naël
23%
67 C Charlie
21%
63 N Noam
21%
89 R Roméo
21%
34 A Augustin
19%
17 I Isaac
19%
86 L Lucien
19%
68 T Timothée
19%
12 M Marceau
18%
39 L Léandre
17%
66 L Lenny
17%
94 M Milan
17%
96 S Soan
17%
44 T Tiago
17%
73 P Pablo
16%
92 L Loan
15%
69 M Marin
15%
59 B Basile
14%
53 J Joseph
14%
65 A Andréa
13%
60 A Auguste
13%
50 C Côme
13%
93 I Ismaël
13%
90 K Kaïs
13%
78 O Owen
13%
48 C Charly
12%
71 L Louka
12%
55 A Amir
11%
31 A Ayden
11%
54 L Lyam
11%
61 M Mahé
11%
82 R Ruben
11%
62 S Sohan
11%
85 A Achille
10%
52 A Alessio
10%
100 A Abel
9%
75 E Ezio
9%
99 I Ibrahim
9%
49 L Livio
9%
79 Z Zayn
9%
88 K Kayden
6%
91 A Aylan
5%
98 M Malone
5%
95 N Nathaël
5%
Aucun quiz correspondant
Distribution des résultats
% des personnes avec chaque résultat
Percentile par nombre de réponses
Votre historique - résultats
Vous n’avez pas pris ce quiz